Czego czasem nie zdążymy zrobić rano, gdy zaśpimy? - Statystyki

Ogólne statystyki
  • Ten quiz został rozwiązany 6 razy
  • Średni wynik to 2 z 5
Statystyki odpowiedzi
Hint Odpowiedź % Poprawnych
3. Umyć zęby
67%
1. Zjeść śniadania
67%
2. Wypić kawy
33%
4. Kanapek do pracy
0%
5. Makijażu
0%
Nie znaleziono quizów pasujących do podanych kryteriów
Rozkład punktacji
Procent ludzi z każdym wynikiem
Percentyl według liczby udzielonych odpowiedzi
Twoja historia wyników
Nie rozwiązałeś tego quizu